[Event "Blumenau STD op"]
[Site "Blumenau"]
[Date "2018.09.29"]
[Round "4"]
[White "Bonfim, Regina Rodrigues"]
[Black "Royer, Sibely De Oliveira"]
[Result "1-0"]
[WhiteElo "1729"]
[BlackElo "1735"]
[PlyCount "71"]
[EventDate "2018.09.28"]
[EventType "swiss"]
[EventRounds "6"]
[EventCountry "BRA"]
[SourceTitle "EXT 2020"]
[Source "ChessBase"]
[SourceDate "2019.10.17"]
[SourceVersion "1"]
[SourceVersionDate "2019.10.17"]
[SourceQuality "1"]

1. d4 d5 2. c4 Nf6 3. Nf3 Nc6 4. Nc3 e6 5. Bg5 Be7 6. e3 h6 7. Bh4 0-0 8. Be2 b6 9. 0-0 Bb7 10. a3 Bd6 11. b4 Nb8 12. c5 Be7 13. h3 Nbd7 14. Bg3 Ne4 15. Nxe4 dxe4 16. Nd2 Bf6 17. Qc2 Re8 18. c6 Bc8 19. cxd7 Bxd7 20. Nxe4 Be7 21. Bxc7 Qc8 22. Rac1 Qb7 23. Bf3 Qa6 24. Nd6 Bxd6 25. Bxa8 Rxa8 26. Bxd6 Qxa3 27. Ra1 Ba4 28. Qe4 Qc3 29. Qxa8+ Kh7 30. Rxa4 Qb3 31. Rxa7 Qd3 32. Qf8 Qf5 33. Rxf7 Qg5 34. Be5 h5 35. Rxg7+ Qxg7 36. Qxg7# 1-0